000
00206 a2200097 4500
001
25664
100
_a
Room, M
245
_a
Masnavi Molana Room
260
_a
_b
Sh Ghulam Ali
_c
1963
090
_c
17358
_d
17358
942
_a
NUST-CAE
_c
M
_c
8178
999
_c
260737
_d
260737